Largest Cities In Washington - Statistics

General Stats
  • This quiz has been taken 58 times
  • The average score is 7 of 11
Answer Stats
Pop. City % Correct
724,745 Seattle
100%
217,108 Spokane
89%
213,418 Tacoma
89%
175,673 Vancouver
78%
144,444 Bellevue
70%
110,079 Everett
67%
93,667 Yakima
63%
128,458 Kent
57%
96,690 Federal Way
46%
101,379 Renton
43%
97,847 Spokane Valley
39%
No matching quizzes found
Score Distribution
Percent of People with Each Score
Percentile by Number Answered
Your Score History
You have not taken this quiz